000
00226nam a2200085Ia 4500
008
220204s9999 xx 000 0 und d
245
0
_a
Indian Electicity rules, 1956
260
_a
Delhi
_b
Manager of Publications
_c
1962
942
_c
BK
999
_c
19732
_d
19732